MLB Teams by City Connect Jersey Front Text - Statistics

General Stats
  • This quiz has been taken 242 times
    198 since last reset
  • The average score is 13 of 15
Answer Stats
Debut Text Team % Correct
2022 Colorado Colorado Rockies
99%
2022 Angels Los Angeles Angels
99%
2022 Brew Crew Milwaukee Brewers
99%
2022 San Diego San Diego Padres
98%
2022 WSH Washington Nationals
98%
2021 Wriglyville Chicago Cubs
97%
2022 Space City Houston Astros
97%
2022 KC Kansas City Royals
97%
2021 Boston Boston Red Sox
94%
2021 Miami Miami Marlins
93%
2021 Los ——— Los Angeles Dodgers
91%
2021 Southside Chicago White Sox
84%
2021 Serpientes Arizona Diamondbacks
72%
2021 G San Francisco Giants
63%
2023 The A Atlanta Braves
61%
No matching quizzes found
Score Distribution
Percent of People with Each Score
Percentile by Number Answered
Your Score History
You have not taken this quiz since the last reset